MARC details
| 000 -LEADER |
| fixed length control field |
00845nam a22002177a 4500 |
| 003 - CONTROL NUMBER IDENTIFIER |
| control field |
OSt |
| 005 - DATE AND TIME OF LATEST TRANSACTION |
| control field |
20250627005028.0 |
| 008 - FIXED-LENGTH DATA ELEMENTS--GENERAL INFORMATION |
| fixed length control field |
250505t2012|||o|||| | || 00| ||e|g dd dd |
| 020 ## - INTERNATIONAL STANDARD BOOK NUMBER |
| International Standard Book Number |
978-93-80428-76-5 |
| 040 ## - CATALOGING SOURCE |
| Transcribing agency |
JMCFI - Learning Resource Center |
| 082 ## - DEWEY DECIMAL CLASSIFICATION NUMBER |
| Classification number |
eBook 333.372’7 B132 2012 |
| 100 ## - MAIN ENTRY--PERSONAL NAME |
| Personal name |
Badapanda, Krishna Chandra |
| 9 (RLIN) |
38089 |
| 245 ## - TITLE STATEMENT |
| Title |
Basics of fisheries science : |
| Remainder of title |
a complete book on fisheries, volume V ; fishery economics and administration |
| Medium |
[electronic resource] / |
| Statement of responsibility, etc. |
Krishna Chandra Badapanda. |
| 260 ## - PUBLICATION, DISTRIBUTION, ETC. |
| Place of publication, distribution, etc. |
Delhi (India) : |
| Name of publisher, distributor, etc. |
Narendra Publishing House, |
| Date of publication, distribution, etc. |
2012. |
| 300 ## - PHYSICAL DESCRIPTION |
| Extent |
1 online resource (476 pages). |
| 650 ## - SUBJECT ADDED ENTRY--TOPICAL TERM |
| Topical term or geographic name entry element |
Fisheries. |
| 9 (RLIN) |
26652 |
| 650 ## - SUBJECT ADDED ENTRY--TOPICAL TERM |
| Topical term or geographic name entry element |
Fisheries management. |
| 9 (RLIN) |
38090 |
| 650 ## - SUBJECT ADDED ENTRY--TOPICAL TERM |
| Topical term or geographic name entry element |
iG Publishing. |
| 9 (RLIN) |
33537 |
| 856 ## - ELECTRONIC LOCATION AND ACCESS |
| Uniform Resource Identifier |
<a href="https://portal.igpublish.com/iglibrary/reader/NBNB0007159/1">https://portal.igpublish.com/iglibrary/reader/NBNB0007159/1</a> |
| 942 ## - ADDED ENTRY ELEMENTS (KOHA) |
| Source of classification or shelving scheme |
Dewey Decimal Classification |
| Koha item type |
Subscribed eBooks |
| Suppress in OPAC |
No |